00381pab a2200133 454500008004000000100002100040245007600061260000900137300001500146362000800161650003000169650002200199773002600221180718b2011 xxu||||| |||| 00| 0 eng d aSrivastava, Aman aAn analysis of cointegration of Indian stock market with global markets c2011 ap.217-236. aAug aFinancial markets - India aFinancial markets aAsian Economic Review